Principles of interferometric spectroscopy (Record no. 34610)

MARC details
000 -LEADER
fixed length control field 00288nam a2200109Ia 4500
082 ## - DEWEY DECIMAL CLASSIFICATION NUMBER
Classification number 543.46
Item number CHA
100 ## - MAIN ENTRY--AUTHOR NAME
Personal name Chamberlain, John
245 #0 - TITLE STATEMENT
Title Principles of interferometric spectroscopy
260 ## - PUBLICATION, DISTRIBUTION, ETC. (IMPRINT)
Place of publication Chichester
Name of publisher Wiley
Year of publication 1979
942 ## - ADDED ENTRY ELEMENTS (KOHA)
Koha item type Books
Holdings
Withdrawn status Lost status Damaged status Not for loan Home library Current library Date acquired Cost, normal purchase price Full call number Accession Number Koha item type
        RRII Library RRII Library 16/12/2021 50.00 543.46 CHA 15040 Books